| 000 | 00388nam a2200133Ia 4500 | ||
|---|---|---|---|
| 005 | 20260326100036.0 | ||
| 008 | 260326s9999||||xx |||||||||||||| ||und|| | ||
| 100 | _aLiernur, Jorge Francisco | ||
| 245 | 0 |
_aEscritos de Arquitectura del Siglo 20 en América Latina / _cJorge Francisco Liernur |
|
| 260 | _bTanais Ediciones | ||
| 300 | _a224 p. | ||
| 650 | _aARQUITECTURA-GENERAL | ||
| 942 | _cBK | ||
| 999 |
_c6823 _d6823 |
||